000 00901nmm a2200277 a 4500
001 ocm0001411482
003 TR-IsHL
005 20201028163550.0
008 160220s2014 tu tur
007 cr cn
020 _a9786054399338
035 _a1411482
_b(N$T)
050 0 4 _aBP50
_b.S48 2014
090 0 4 _aBP50
_b.S48 2014
100 1 _aSever, Erol
245 1 0 _aÇok tanrıcılık, Hristiyanlık ve Kabe: İslamın kaynakları 1
_h[electronic resource] /
_cErol Sever
250 _a3. basım
260 _aİstanbul :
_bBerfin Yayınları,
_c2014
300 _a265 p.
650 4 _aFelsefe, Psikoloji ve Din
650 4 _aPhilosophy, Psychology and Religion
650 0 _aİslam
_x Tarih
650 0 _aIslam
_x History
650 7 _aRELIGION / Islam / History
_2bisacsh
856 4 0 _uhttp://search.ebscohost.com/login.aspx?direct=true&scope=site&db=e011xww&AN=1411482
999 _c15385
_d15385